000 00475nam a2200181Ia 4500
008 240925s9999 xx 000 0 und d
020 _a9789350143353
082 _a621.3824 PAN
100 _aPalshant, Panday.
245 0 _aAntenna and Wave Propagation
250 _a1st
260 _aNew Delhi:
_bS. K. Kataria
_c,2014.
300 _a1028p.
_b0
_fOriginal
500 _aIncludes Index
600 _aTelecommunication Engineering
650 _aTechnology
942 _cBK
999 _c12825
_d12825